| 000 | 01906nam a22002417a 4500 | ||
|---|---|---|---|
| 001 | 9164 | ||
| 003 | FISKH | ||
| 005 | 20251126122725.0 | ||
| 008 | 251126b cb ||||| |||| 00| 0 eng d | ||
| 020 | _a9789995001292 | ||
| 040 |
_aFISKH _bkhr _cFISKH _dFISKH |
||
| 082 | _a507 | ||
| 100 | _aKimsan, Eung | ||
| 245 |
_aវិទ្យាសាស្រ្ត ថ្នាក់ទី ៥ / _cគណ:កម្មការនិពន្ធ លោកស្រី អុឹង គឹមសាន , លោក ព្រហ្ម តារិទ្ធ , លោកស្រី ថាច់ ធីសារ៉ន និង លោក គ្រួច សុខា |
||
| 260 |
_aភ្នំពេញ : _bគ្រឹះស្ថានបោះពុម្ពនិងចែកផ្សាយ , _c២០២១ . |
||
| 300 |
_a124 pages : _billustrations ; _c25 cm . |
||
| 520 | _aគណ:កម្មការនិពន្ធបង្កើតសៀវភៅនេះឡើងមានគោលបំណងចូលរួមលើកកំពស់គុណភាពអប់រំ ដោយធ្វើយ៉ាងណាអោយសិស្សយល់ដឹងពីបាតុភូតទាំងឡាយនៃវិទ្យាសាស្រ្តចេះដោះស្រាយបព្ហា និងស្រាវជ្រាវ ដើម្បីអោយយល់កាន់តែច្បាស់ពីបញ្ញត្តិវិទ្យាសាស្រ្ត ។ | ||
| 520 | _a“The committee that authored this book aims to contribute to enhancing the quality of education by helping students understand various scientific phenomena, solve problems, and conduct research, so that they gain a clearer understanding of scientific principles.” | ||
| 700 |
_aCheat , Ton _eIllustrator |
||
| 700 |
_aSeurm , Kakada _eIllustrator |
||
| 942 |
_2ddc _cKHB _n0 |
||
| 999 |
_c9164 _d9164 |
||